000
002330000a22000970004500
100
1
_a
Winter, Ralph D.
245
1
0
_a
The unifished task
300
_a
Vol. 15, Núm 53 (1988), Páginas 21
773
0
_t
World Evangelization
942
_c
ANA
999
_c
58076
_d
58076